[Event "IV Vila de L'Ampolla op"]
[Site "L'Ampolla (Tarragona)"]
[Date "2008.06.08"]
[Round "7.3"]
[White "Pomes Marcet, Juan"]
[Black "Komljenovic, Davorin"]
[Result "0-1"]
[WhiteElo "2388"]
[BlackElo "2462"]
[PlyCount "99"]
[EventDate "2008.06.08"]

1. d4 Nf6 2. c4 g6 3. Nc3 d5 4. cxd5 Nxd5 5. e4 Nxc3 6. bxc3 Bg7 7. Nf3 c5 8.
Rb1 O-O 9. Be2 cxd4 10. cxd4 Qa5+ 11. Qd2 Qxd2+ 12. Bxd2 b6 13. Rc1 Bb7 14. Bd3
e6 15. Ke2 Nc6 16. e5 Rfd8 17. Be3 Nb4 18. Bc4 Rac8 19. a3 Rxc4 20. Rxc4 Ba6
21. Nd2 Nc2 22. Kd1 Bxc4 23. Kxc2 Bd5 24. f3 f6 25. Bf4 f5 26. Kb2 Rc8 27. Rc1
Rxc1 28. Kxc1 Bf8 29. Kb2 h6 30. Nb1 g5 31. Bd2 Kf7 32. Nc3 Bc4 33. g3 Kg6 34.
f4 Kh5 35. Nd1 Bd5 36. Ne3 Be4 37. Bb4 Bg7 38. Be7 Kg6 39. Bd6 gxf4 40. gxf4 h5
41. Bb8 Bh6 42. Kc3 Bxf4 43. Kd2 Bxh2 44. Bxa7 h4 45. Bxb6 h3 46. Nf1 Bf4+ 47.
Ke2 h2 48. Nxh2 Bxh2 49. Kf2 Bc6 50. Ke1 0-1

[Event "IV Vila de L'Ampolla op"]
[Site "L'Ampolla (Tarragona)"]
[Date "2008.06.08"]
[Round "7.4"]
[White "Pogorelov, Ruslan"]
[Black "Moskalenko, Viktor"]
[Result "0-1"]
[WhiteElo "2423"]
[BlackElo "2572"]
[PlyCount "104"]
[EventDate "2008.06.08"]

1. Nf3 f5 2. d4 Nf6 3. g3 e6 4. Bg2 d5 5. O-O Bd6 6. c4 c6 7. b3 Qe7 8. Bb2 O-O
9. Qc1 b5 10. Qc2 Bb7 11. c5 Bc7 12. Bc1 Nbd7 13. Bf4 Bxf4 14. gxf4 b4 15. a3
a5 16. axb4 axb4 17. Rxa8 Rxa8 18. Qd2 Ba6 19. Re1 Rb8 20. Qa2 Bb5 21. Qa5 Qd8
22. Qxd8+ Rxd8 23. Bf1 Ne4 24. Nbd2 Ra8 25. e3 Bxf1 26. Kxf1 h6 27. Nxe4 fxe4
28. Ne5 Nxe5 29. fxe5 Ra3 30. Rb1 Ra2 31. Kg2 g5 32. Kg3 Kg7 33. Rf1 Ra3 34.
Rb1 Kg6 35. h4 Ra2 36. Rh1 h5 37. hxg5 Kxg5 38. Rg1 Kh6 39. Rf1 Ra3 40. Rb1 Ra2
41. Rg1 Ra3 42. Rb1 Ra8 43. Kh2 h4 44. Kh3 Kh5 45. Rg1 Rf8 46. Rg7 Rxf2 47. Re7
Rf3+ 48. Kh2 Rxe3 49. Rxe6 Re2+ 50. Kh3 e3 51. Rf6 Re1 52. Kg2 h3+ 0-1

[Event "IV Vila de L'Ampolla op"]
[Site "L'Ampolla (Tarragona)"]
[Date "2008.06.08"]
[Round "7.5"]
[White "Narciso Dublan, Marc"]
[Black "Vehi Bach, Victor M"]
[Result "1-0"]
[WhiteElo "2509"]
[BlackElo "2381"]
[PlyCount "53"]
[EventDate "2008.06.08"]

1. d4 Nf6 2. c4 e6 3. Nc3 Bb4 4. Qc2 O-O 5. Bg5 d6 6. e3 Nbd7 7. Bd3 Qe8 8.
Nge2 e5 9. O-O c6 10. Rad1 h6 11. Bh4 Qe7 12. a3 Bxc3 13. Nxc3 g5 14. Bg3 Nh5
15. Bf5 Nxg3 16. fxg3 Nf6 17. h3 Kg7 18. g4 Bxf5 19. Rxf5 exd4 20. exd4 Qe3+
21. Kh2 Rae8 22. Rf3 Qe6 23. Rdf1 Nd7 24. Nd1 Qe2 25. Qb3 b5 26. cxb5 Qxb5 27.
Rxf7+ 1-0

[Event "IV Vila de L'Ampolla op"]
[Site "L'Ampolla (Tarragona)"]
[Date "2008.06.08"]
[Round "8.1"]
[White "Perez Mitjans, Orelvis"]
[Black "Barsov, Alexei"]
[Result "1/2-1/2"]
[WhiteElo "2438"]
[BlackElo "2480"]
[PlyCount "53"]
[EventDate "2008.06.08"]

1. e4 e6 2. Qe2 c5 3. Nf3 Nc6 4. g3 g6 5. Bg2 Bg7 6. d3 Nge7 7. h4 h6 8. c3 d6
9. Bf4 e5 10. Be3 b6 11. Nbd2 d5 12. exd5 Nxd5 13. Nc4 O-O 14. Bd2 Bf5 15.
O-O-O Ndb4 16. cxb4 Bxd3 17. Qe1 Bxc4 18. Bc3 Qc7 19. bxc5 Bxa2 20. h5 bxc5 21.
hxg6 fxg6 22. Nh4 Nd4 23. Nxg6 Nb3+ 24. Kc2 Nd4+ 25. Kc1 Nb3+ 26. Kc2 Nd4+ 27.
Kc1 1/2-1/2

[Event "IV Vila de L'Ampolla op"]
[Site "L'Ampolla (Tarragona)"]
[Date "2008.06.08"]
[Round "8.2"]
[White "Djuric, Stefan"]
[Black "Komljenovic, Davorin"]
[Result "1/2-1/2"]
[WhiteElo "2460"]
[BlackElo "2462"]
[PlyCount "31"]
[EventDate "2008.06.08"]

1. e4 c5 2. Nf3 d6 3. Nc3 Nf6 4. e5 dxe5 5. Nxe5 e6 6. Bb5+ Nbd7 7. d4 cxd4 8.
Qxd4 a6 9. Bxd7+ Nxd7 10. Nc4 b5 11. Nd6+ Bxd6 12. Qxd6 Bb7 13. Bf4 Qb6 14.
O-O-O Qxd6 15. Rxd6 Nf6 16. f3 1/2-1/2

[Event "IV Vila de L'Ampolla op"]
[Site "L'Ampolla (Tarragona)"]
[Date "2008.06.08"]
[Round "8.3"]
[White "Moskalenko, Viktor"]
[Black "Narciso Dublan, Marc"]
[Result "1-0"]
[WhiteElo "2572"]
[BlackElo "2509"]
[PlyCount "55"]
[EventDate "2008.06.08"]

1. d4 d5 2. c4 e6 3. Nc3 Nf6 4. cxd5 exd5 5. Bg5 c6 6. Qc2 Be7 7. e3 Nbd7 8.
Bd3 Nh5 9. Bxe7 Qxe7 10. Nge2 g6 11. O-O-O Nb6 12. Rhe1 Bd7 13. Nf4 Ng7 14. e4
O-O 15. exd5 Qd6 16. g3 cxd5 17. Qb3 Ne6 18. Nxe6 fxe6 19. f4 Rfc8 20. Kb1 Nc4
21. Bxc4 Rxc4 22. Ne4 Qf8 23. Nc5 Bc6 24. Qe3 Re8 25. b3 Qf5+ 26. Nd3 Bb5 27.
bxc4 dxc4 28. g4 1-0

[Event "IV Vila de L'Ampolla op"]
[Site "L'Ampolla (Tarragona)"]
[Date "2008.06.08"]
[Round "8.4"]
[White "Munoz Pantoja, Miguel"]
[Black "Ryan, Joseph"]
[Result "1-0"]
[WhiteElo "2478"]
[BlackElo "2327"]
[PlyCount "157"]
[EventDate "2008.06.08"]

1. e4 c5 2. g3 d5 3. exd5 Qxd5 4. Nf3 Nc6 5. Bg2 Qe6+ 6. Kf1 Nf6 7. d3 Qd7 8.
Nbd2 e6 9. a4 Be7 10. Nc4 O-O 11. a5 Nd5 12. Nfe5 Nxe5 13. Nxe5 Qc7 14. Qe2 Bd6
15. Nc4 Bd7 16. Nxd6 Qxd6 17. c4 Nb4 18. Bf4 Qxd3 19. Bxb7 Qf5 20. Qe5 Qd3+ 21.
Qe2 Qf5 22. Be4 Qh3+ 23. Bg2 Qf5 24. Bd6 Rfd8 25. g4 Qf6 26. Bxc5 Nc6 27. Bd6
Rac8 28. Rd1 e5 29. Bd5 Be6 30. Bxe6 Qxe6 31. c5 f6 32. Qe4 Nxa5 33. Ra1 Nc4
34. Kg2 Nxd6 35. cxd6 Rc4 36. Qf3 Rxg4+ 37. Kf1 Qc4+ 38. Qe2 Rd7 39. Qxc4+ Rxc4
40. Kg2 Rd4 41. Rhc1 R4xd6 42. Rc8+ Kf7 43. Ra8 Rb6 44. R8xa7 Rxa7 45. Rxa7+
Kg6 46. Ra2 f5 47. Ra5 Kf6 48. Ra2 g5 49. Kf3 Rb3+ 50. Ke2 e4 51. Kd2 Ke5 52.
Ke2 Kf4 53. Kf1 h5 54. Kg2 g4 55. Kf1 h4 56. Kg2 e3 57. Ra4+ Kg5 58. fxe3 Rxb2+
59. Kg1 Re2 60. Ra3 h3 61. Rb3 g3 62. hxg3 Kg4 63. Rb8 Kxg3 64. Rg8+ Kf3 65.
Rf8 Kg3 66. Rg8+ Kh4 67. Rf8 Kg5 68. Rg8+ Kf6 69. Rg3 h2+ 70. Kh1 Ke5 71. Rh3
Ke4 72. Rh5 Rf2 73. Rh3 Rf3 74. Rxh2 Kxe3 75. Ra2 Rf1+ 76. Kg2 Rf4 77. Ra3+ Ke4
78. Ra5 Rg4+ 79. Kf2 1-0

[Event "IV Vila de L'Ampolla op"]
[Site "L'Ampolla (Tarragona)"]
[Date "2008.06.08"]
[Round "8.5"]
[White "Burgos Figueroa, Carlos E"]
[Black "Pomes Marcet, Juan"]
[Result "1-0"]
[WhiteElo "2356"]
[BlackElo "2388"]
[PlyCount "79"]
[EventDate "2008.06.08"]

1. Nf3 d5 2. b3 Bg4 3. Bb2 Nd7 4. g3 Bxf3 5. exf3 e5 6. Bg2 Bd6 7. O-O Ngf6 8.
d3 O-O 9. Re1 Re8 10. Nd2 c6 11. c4 Bc5 12. a3 a5 13. Qc2 Qb6 14. Re2 Bd4 15.
Rae1 h6 16. Bc3 Bxc3 17. Qxc3 d4 18. Qc2 Qc5 19. Bh3 Qxa3 20. f4 e4 21. Nxe4
Nxe4 22. Bxd7 Red8 23. Rxe4 Rxd7 24. Re8+ Rxe8 25. Rxe8+ Kh7 26. Qe2 Qc5 27.
Qe4+ g6 28. h4 h5 29. Re5 Qb4 30. Rxh5+ Kg7 31. Re5 Qxb3 32. Rxa5 Qb4 33. Re5
b5 34. Qxc6 Qb1+ 35. Kg2 Ra7 36. Qxb5 Qxd3 37. Re8 Qa3 38. Qe5+ f6 39. Qxd4 Kf7
40. Re3 1-0